<?xml version="1.0" encoding="UTF-8"?>
<record
    xmlns:xsi="http://www.w3.org/2001/XMLSchema-instance"
    xsi:schemaLocation="http://www.loc.gov/MARC21/slim http://www.loc.gov/standards/marcxml/schema/MARC21slim.xsd"
    xmlns="http://www.loc.gov/MARC21/slim">

  <leader>02286nas a2200265 i 4500</leader>
  <controlfield tag="005">20250530143725.0</controlfield>
  <controlfield tag="007">ta</controlfield>
  <controlfield tag="008">241128e2024    dr bn|p|r||||||0| 0 spa d</controlfield>
  <datafield tag="040" ind1=" " ind2=" ">
    <subfield code="c">AGN</subfield>
    <subfield code="d">AGN</subfield>
    <subfield code="a">DO-SdBNP</subfield>
    <subfield code="b">spa</subfield>
    <subfield code="e">rda</subfield>
  </datafield>
  <datafield tag="041" ind1=" " ind2=" ">
    <subfield code="a">spa</subfield>
  </datafield>
  <datafield tag="110" ind1=" " ind2=" ">
    <subfield code="a">AMD Dominican Group, SRL.</subfield>
    <subfield code="9">87926</subfield>
  </datafield>
  <datafield tag="245" ind1=" " ind2=" ">
    <subfield code="a">Reporte M&#xE9;dico. Com /</subfield>
    <subfield code="c">AMD Dominican Group.</subfield>
  </datafield>
  <datafield tag="264" ind1=" " ind2=" ">
    <subfield code="a">Santiago, Rep&#xFA;blica Dominicana :</subfield>
    <subfield code="b">AMD Dominican Group, </subfield>
    <subfield code="c">2024.</subfield>
  </datafield>
  <datafield tag="300" ind1=" " ind2=" ">
    <subfield code="a">volumen : </subfield>
    <subfield code="b">ilustraciones, fotograf&#xED;as ; </subfield>
    <subfield code="c">30 cm.</subfield>
  </datafield>
  <datafield tag="310" ind1=" " ind2=" ">
    <subfield code="a">Bimestral</subfield>
  </datafield>
  <datafield tag="336" ind1=" " ind2=" ">
    <subfield code="a">texto</subfield>
    <subfield code="b">txt</subfield>
    <subfield code="2">rdacontent</subfield>
  </datafield>
  <datafield tag="337" ind1=" " ind2=" ">
    <subfield code="a">sin mediaci&#xF3;n </subfield>
    <subfield code="b">n</subfield>
    <subfield code="2">rdamedia</subfield>
  </datafield>
  <datafield tag="338" ind1=" " ind2=" ">
    <subfield code="a">volumen </subfield>
    <subfield code="b">nc</subfield>
    <subfield code="2">rdacarrier</subfield>
  </datafield>
  <datafield tag="362" ind1=" " ind2=" ">
    <subfield code="a">N&#xFA;mero 15, A&#xF1;o 2024, noviembre-diciembre.</subfield>
  </datafield>
  <datafield tag="500" ind1=" " ind2=" ">
    <subfield code="a">Reporte M&#xE9;dico.com es un producto dise&#xF1;ado y elaborado por Media Group &#x2013; RMMG SRL empresa que cuenta con un equipo de profesionales al servicio de tu bienestar y salud.

ReporteM&#xE9;dico.com es una revista m&#xE9;dica especializada de 06 ediciones anuales con publicaci&#xF3;n bimestral, conformada por 100 p&#xE1;ginas o m&#xE1;s que cuenta con secciones fijas, reportajes, noticias, entrevistas, productos y servicios.

ReporteM&#xE9;dico.com es presentada en dos versiones impresa y digital. Nuestra versi&#xF3;n impresa tiene alta calidad de impresi&#xF3;n con distribuci&#xF3;n masiva y gratuita. Brinda al lector una imagen fresca y variada, apoyada a su vez por nuestra p&#xE1;gina web www.reportemedico.com para que los usuarios de las plataformas digitales disfruten de su versi&#xF3;n Digital y de nuestro contenido diario.

Cabe destacar que es la &#xFA;nica revista especializada que incluye una Gu&#xED;a M&#xE9;dica como ninguna otra, una herramienta formidable para tenerla siempre contigo y ubicar r&#xE1;pida y eficazmente los m&#xE1;s destacados m&#xE9;dicos a nivel nacional.


Copyright &#xA9; 2022 Media Group &#x2013; RMMG SRL | Todos los derechos reservados.
Santo Domingo / Rep&#xFA;blica Dominicana
S&#xED;guenos por nuestras Redes Sociales

Instagram
 Facebook
 Youtube
</subfield>
  </datafield>
  <datafield tag="505" ind1=" " ind2=" ">
    <subfield code="a">Revista M&#xE9;dica Especializada de la Rep&#xFA;blica Dominicana.</subfield>
  </datafield>
  <datafield tag="520" ind1=" " ind2=" ">
    <subfield code="a">La Rep&#xFA;blica Dominicana cuenta con varias revistas m&#xE9;dicas especializadas que ofrecen contenido de alta calidad cient&#xED;fica y divulgaci&#xF3;n m&#xE9;dica.</subfield>
  </datafield>
  <datafield tag="650" ind1=" " ind2="0">
    <subfield code="a">Medicina</subfield>
    <subfield code="9">12481</subfield>
    <subfield code="v">Publicaciones peri&#xF3;dicas </subfield>
    <subfield code="z">Rep&#xFA;blica Dominicana</subfield>
  </datafield>
  <datafield tag="942" ind1=" " ind2=" ">
    <subfield code="2">ddc</subfield>
    <subfield code="c">ISSUE</subfield>
  </datafield>
  <datafield tag="952" ind1=" " ind2=" ">
    <subfield code="0">0</subfield>
    <subfield code="1">0</subfield>
    <subfield code="2">ddc</subfield>
    <subfield code="4">0</subfield>
    <subfield code="5">6</subfield>
    <subfield code="7">0</subfield>
    <subfield code="8">SE</subfield>
    <subfield code="a">BNPHU</subfield>
    <subfield code="b">BNPHU</subfield>
    <subfield code="d">2025-05-30</subfield>
    <subfield code="h">N&#xFA;mero 15, A&#xF1;o 2024, noviembre-diciembre</subfield>
    <subfield code="l">0</subfield>
    <subfield code="p">2025-4692</subfield>
    <subfield code="r">2025-05-30</subfield>
    <subfield code="t">e.1</subfield>
    <subfield code="w">2025-05-30</subfield>
    <subfield code="y">ISSUE</subfield>
    <subfield code="z">Gu&#xED;a M&#xE9;dica.</subfield>
  </datafield>
  <datafield tag="952" ind1=" " ind2=" ">
    <subfield code="0">0</subfield>
    <subfield code="1">0</subfield>
    <subfield code="2">ddc</subfield>
    <subfield code="4">0</subfield>
    <subfield code="5">6</subfield>
    <subfield code="7">0</subfield>
    <subfield code="8">SE</subfield>
    <subfield code="a">BNPHU</subfield>
    <subfield code="b">BNPHU</subfield>
    <subfield code="d">2025-05-30</subfield>
    <subfield code="h">N&#xFA;mero 15, A&#xF1;o 2024, noviembre-diciembre</subfield>
    <subfield code="l">0</subfield>
    <subfield code="p">2025-4693</subfield>
    <subfield code="r">2025-05-30</subfield>
    <subfield code="t">e.2</subfield>
    <subfield code="w">2025-05-30</subfield>
    <subfield code="y">ISSUE</subfield>
    <subfield code="z">Gu&#xED;a M&#xE9;dica.</subfield>
  </datafield>
  <datafield tag="952" ind1=" " ind2=" ">
    <subfield code="0">0</subfield>
    <subfield code="1">0</subfield>
    <subfield code="2">ddc</subfield>
    <subfield code="4">0</subfield>
    <subfield code="5">6</subfield>
    <subfield code="7">0</subfield>
    <subfield code="8">SE</subfield>
    <subfield code="a">BNPHU</subfield>
    <subfield code="b">BNPHU</subfield>
    <subfield code="d">2025-05-30</subfield>
    <subfield code="h">N&#xFA;mero 16, A&#xF1;o 2025, mazo-abril</subfield>
    <subfield code="l">0</subfield>
    <subfield code="p">2025-4695</subfield>
    <subfield code="r">2025-05-30</subfield>
    <subfield code="t">e.1</subfield>
    <subfield code="w">2025-05-30</subfield>
    <subfield code="y">ISSUE</subfield>
    <subfield code="z">Gu&#xED;a M&#xE9;dica.</subfield>
  </datafield>
  <datafield tag="952" ind1=" " ind2=" ">
    <subfield code="0">0</subfield>
    <subfield code="1">0</subfield>
    <subfield code="2">ddc</subfield>
    <subfield code="4">0</subfield>
    <subfield code="5">6</subfield>
    <subfield code="7">0</subfield>
    <subfield code="8">SE</subfield>
    <subfield code="a">BNPHU</subfield>
    <subfield code="b">BNPHU</subfield>
    <subfield code="c">RE</subfield>
    <subfield code="d">2026-05-22</subfield>
    <subfield code="h">N&#xFA;mero 18, A&#xF1;o 2025, noviembre-diciembre</subfield>
    <subfield code="l">0</subfield>
    <subfield code="p">2026-4459</subfield>
    <subfield code="r">2026-05-22</subfield>
    <subfield code="t">e.1</subfield>
    <subfield code="w">2026-05-22</subfield>
    <subfield code="y">ISSUE</subfield>
    <subfield code="z">Disponible para consulta en Hemeroteca.</subfield>
  </datafield>
  <datafield tag="952" ind1=" " ind2=" ">
    <subfield code="0">0</subfield>
    <subfield code="1">0</subfield>
    <subfield code="2">ddc</subfield>
    <subfield code="4">0</subfield>
    <subfield code="5">6</subfield>
    <subfield code="7">0</subfield>
    <subfield code="8">SE</subfield>
    <subfield code="a">BNPHU</subfield>
    <subfield code="b">BNPHU</subfield>
    <subfield code="c">RE</subfield>
    <subfield code="d">2026-05-22</subfield>
    <subfield code="h">N&#xFA;mero 18, A&#xF1;o 2025, noviembre-diciembre</subfield>
    <subfield code="l">0</subfield>
    <subfield code="p">2026-4460</subfield>
    <subfield code="r">2026-05-22</subfield>
    <subfield code="t">e.2</subfield>
    <subfield code="w">2026-05-22</subfield>
    <subfield code="y">ISSUE</subfield>
    <subfield code="z">Disponible para consulta en Hemeroteca.</subfield>
  </datafield>
  <datafield tag="952" ind1=" " ind2=" ">
    <subfield code="0">0</subfield>
    <subfield code="1">0</subfield>
    <subfield code="2">ddc</subfield>
    <subfield code="4">0</subfield>
    <subfield code="5">6</subfield>
    <subfield code="7">0</subfield>
    <subfield code="8">SE</subfield>
    <subfield code="a">BNPHU</subfield>
    <subfield code="b">BNPHU</subfield>
    <subfield code="c">RE</subfield>
    <subfield code="d">2026-05-22</subfield>
    <subfield code="h">N&#xFA;mero 18, A&#xF1;o 2025, noviembre-diciembre</subfield>
    <subfield code="l">0</subfield>
    <subfield code="p">2026-4461</subfield>
    <subfield code="r">2026-05-22</subfield>
    <subfield code="t">e.3</subfield>
    <subfield code="w">2026-05-22</subfield>
    <subfield code="y">ISSUE</subfield>
    <subfield code="z">Disponible para consulta en Hemeroteca.</subfield>
  </datafield>
  <datafield tag="999" ind1=" " ind2=" ">
    <subfield code="c">59106</subfield>
    <subfield code="d">59106</subfield>
  </datafield>
</record>
